000 00656nam a2200277Ia 4500
005 20260324143002.0
008 008 260324s9999 xx 000 0 eng d
020 _a9781315140087
037 _aEBOOK
040 _aCRL
040 _beng
040 _cCRL
041 _2eng
041 _aeng
084 _qCRL
100 _a Lee
_9761966
245 0 _aComputer-Aided Analysis and Design of Switch-Mode Power Supplies
260 _bTaylor and Francis
260 _c1993
365 _a
365 _b400
856 _uhttp://www.taylorfrancis.com/books/9781315140087
942 _cEBOOK
999 _c1818819
_d1818819